Statistics for New England Patriots First Round Picks Since 2000

Click here to take the quiz!

General Stats

  • This quiz has been taken 15 times
  • The average score is 10 of 37

Answer Stats

YearPlayer% Correct
2018Isaiah Wynn
100%
2019N'Keal Harry
100%
2018Sony Michel
100%
Arizona State
62%
2012Chandler Jones
62%
2015Malcolm Brown
62%
2012Dont'a Hightower
54%
2010Devin McCourty
46%
Georgia
46%
Georgia
46%
2014Dominique Easley
38%
2001Richard Seymour
38%
2008Jerod Mayo
23%
Rutgers
23%
Alabama
15%
2004Benjamin Watson
15%
2002Daniel Graham
15%
Florida
15%
2005Logan Mankins
15%
2011Nate Solder
15%
Syracuse
15%
2003Ty Warren
15%
2007Brandon Meriweather
8%
Colorado
8%
Georgia
8%
Georgia
8%
2006Laurence Maroney
8%
Miami (FL)
8%
Minnesota
8%
Texas
8%
2004Vince Wilfork
8%
Colorado
0%
Fresno State
0%
Miami (FL)
0%
Penn State
0%
Tennessee
0%
Texas A&M
0%

Score Distribution

Percentile by Number Answered

Percent of People with Each Score

Your Score History

You have not taken this quiz